[Event "SLO-chT 32nd"]
[Site "Ljubljana"]
[Date "2022.09.10"]
[Round "5.1"]
[White "Tisaj, Domen"]
[Black "Pavasovic, Dusko"]
[Result "1-0"]
[WhiteElo "2325"]
[BlackElo "2525"]
[PlyCount "92"]
[EventDate "2022.09.02"]
[EventType "team-tourn"]
[EventRounds "9"]
[EventCountry "SLO"]
[SourceTitle "EXT 2023"]
[Source "ChessBase"]
[SourceDate "2022.10.05"]
[SourceVersion "1"]
[SourceVersionDate "2022.10.05"]
[SourceQuality "1"]
[WhiteTeam "Maribor ZSK"]
[BlackTeam "Ljubljana Tajfun"]
[WhiteTeamCountry "SVK"]
[BlackTeamCountry "SVK"]

1. e4 e5 2. Nf3 Nf6 3. Nxe5 d6 4. Nf3 Nxe4 5. d4 d5 6. Bd3 Nc6 7. 0-0 Be7 8. Nbd2 Bf5 9. Re1 Nd6 10. Nf1 0-0 11. Bf4 Bxd3 12. Qxd3 Bf6 13. Ne3 Ne7 14. Be5 Ne8 15. Qb3 b6 16. Rad1 c6 17. c4 dxc4 18. Qxc4 Rc8 19. Qa4 a5 20. Qb3 b5 21. d5 a4 22. Qb4 Bxe5 23. Nxe5 Nxd5 24. Nxd5 cxd5 25. Qxb5 Ra8 26. Nc6 Qf6 27. Ne7+ Kh8 28. Nxd5 Qa6 29. Qxa6 Rxa6 30. Nc3 Nf6 31. a3 g6 32. Rd4 Rfa8 33. f3 Kg7 34. Re7 Ne8 35. Rdd7 Rb6 36. Rxf7+ Kg8 37. Rb7 Rxb2 38. Rxb2 Kxf7 39. Rb7+ Ke6 40. Rxh7 Rc8 41. Nxa4 Rc4 42. Ra7 Nd6 43. Ra5 Nf5 44. Nc5+ Kf7 45. Nd3 Rd4 46. Ne5+ Ke6 1-0

[Event "SLO-chT NML 31st"]
[Site "Ptuj/Grosuplje"]
[Date "2021.10.17"]
[Round "6.3"]
[White "Pavasovic, Dusko"]
[Black "Skuhala, Jernej"]
[Result "0-1"]
[WhiteElo "2539"]
[BlackElo "2348"]
[PlyCount "104"]
[EventDate "2021.10.08"]
[EventType "team-tourn"]
[EventRounds "9"]
[EventCountry "SLO"]
[SourceTitle "EXT 2023"]
[Source "ChessBase"]
[SourceDate "2022.10.05"]
[SourceVersion "1"]
[SourceVersionDate "2022.10.05"]
[SourceQuality "1"]
[WhiteTeam "Ljubljana Tajfun"]
[BlackTeam "Maribor Poligram"]
[WhiteTeamCountry "SLO"]
[BlackTeamCountry "SLO"]

1. e4 c6 2. d4 d5 3. exd5 cxd5 4. c4 Nf6 5. Nc3 e6 6. Nf3 Bb4 7. cxd5 Nxd5 8. Bd2 Bd7 9. a3 Bxc3 10. bxc3 Nf6 11. Bd3 Bc6 12. Qe2 0-0 13. Ne5 Qd5 14. f3 Nbd7 15. Nxd7 Nxd7 16. 0-0 e5 17. Be3 exd4 18. Bxd4 Rfe8 19. Qf2 Nf8 20. Rfd1 Qa5 21. Qg3 Ne6 22. Bf6 Kf8 23. Qh4 h5 24. Re1 gxf6 25. Qxf6 Kg8 26. Re5 Qd8 27. Bh7+ Kf8 28. Qh6+ Ke7 29. Rc1 Qd6 30. Rf5 Kd7 31. Rxf7+ Re7 32. Rxe7+ Qxe7 33. Rd1+ Kc7 34. Bc2 Ng5 35. h4 Nxf3+ 36. gxf3 Rg8+ 37. Kf1 Rf8 38. f4 Rg8 39. f5 Bg2+ 40. Kf2 Qxh4+ 41. Ke3 Qe7+ 42. Kf2 Bc6 43. Qf4+ Kc8 44. Kf1 Rg2 45. Rd2 Qg7 46. Bb3 Bb5+ 47. c4 Rg1+ 48. Ke2 Qe7+ 49. Kd3 Qxa3 50. Kc3 Ba4 51. Rb2 Bd7 52. Qe5 Re1 0-1

[Event "SLO-chT NML 31st"]
[Site "Ptuj/Grosuplje"]
[Date "2021.10.16"]
[Round "5.3"]
[White "Drnovsek, Nejc"]
[Black "Pavasovic, Dusko"]
[Result "0-1"]
[WhiteElo "2265"]
[BlackElo "2539"]
[PlyCount "66"]
[EventDate "2021.10.08"]
[EventType "team-tourn"]
[EventRounds "9"]
[EventCountry "SLO"]
[SourceTitle "EXT 2023"]
[Source "ChessBase"]
[SourceDate "2022.10.05"]
[SourceVersion "1"]
[SourceVersionDate "2022.10.05"]
[SourceQuality "1"]
[WhiteTeam "Maribor Branik"]
[BlackTeam "Ljubljana Tajfun"]
[WhiteTeamCountry "SLO"]
[BlackTeamCountry "SLO"]

1. d4 g6 2. Nf3 Bg7 3. c4 c5 4. d5 d6 5. g3 e6 6. Nc3 Ne7 7. h4 h6 8. Qa4+ Bd7 9. Qc2 Na6 10. e4 f5 11. dxe6 Bxe6 12. Bf4 0-0 13. 0-0-0 Nb4 14. Qb3 fxe4 15. Rxd6 Qc8 16. Nxe4 Rxf4 17. gxf4 Nf5 18. Rd2 Qc6 19. Bd3 Nd4 20. Nxd4 Bxd4 21. Ng3 Rf8 22. Be4 Qd6 23. Ne2 Rxf4 24. Nxf4 Qxf4 25. Bd5 Nxd5 26. cxd5 Bf5 27. d6+ Kh7 28. Qxb7+ Bg7 29. Qb3 Qe4 30. Rdd1 c4 31. Qa4 Qf4+ 32. Rd2 Bxb2+ 33. Kd1 Qf3+ 0-1

[Event "SLO-chT 29th"]
[Site "Slovenia"]
[Date "2019.11.22"]
[Round "4.1"]
[White "Pavasovic, Dusko"]
[Black "Mohr, Georg"]
[Result "1/2-1/2"]
[WhiteElo "2546"]
[BlackElo "2445"]
[PlyCount "31"]
[EventDate "2019.09.06"]
[EventType "team-tourn"]
[EventRounds "9"]
[EventCountry "SLO"]
[SourceTitle "CBM 193 Extra"]
[Source "ChessBase"]
[SourceDate "2020.01.31"]
[SourceVersion "1"]
[SourceVersionDate "2020.01.31"]
[SourceQuality "1"]
[WhiteTeam "Ljubljana"]
[BlackTeam "Maribor"]
[WhiteTeamCountry "SLO"]
[BlackTeamCountry "SLO"]

1. e4 e6 2. d4 d5 3. Nd2 Nf6 4. e5 Nfd7 5. Bd3 c5 6. c3 Nc6 7. Ngf3 Qb6 8. 0-0 cxd4 9. cxd4 Nxd4 10. Nxd4 Qxd4 11. Nf3 Qb6 12. Qa4 Qb4 13. Qc2 Qc5 14. Qa4 Qb4 15. Qc2 Qc5 16. Qa4 1/2-1/2

[Event "PRO League Stage"]
[Site "Chess.com INT"]
[Date "2019.03.13"]
[Round "10"]
[White "Pavasovic, Dusko"]
[Black "Christiansen, Johan Sebastian"]
[Result "1/2-1/2"]
[WhiteElo "2546"]
[BlackElo "2559"]
[PlyCount "42"]
[EventDate "2019.01.08"]
[EventType "team-swiss (rapid)"]
[EventRounds "10"]
[EventCountry "USA"]
[SourceTitle "CBM 189 Extra"]
[Source "ChessBase"]
[SourceDate "2019.06.03"]
[SourceVersion "1"]
[SourceVersionDate "2019.06.03"]
[SourceQuality "1"]
[WhiteTeam "Ljubljana Turtles"]
[BlackTeam "Norway Gnomes"]
[WhiteTeamCountry "SLO"]
[BlackTeamCountry "NOR"]

1. e4 e6 2. d4 d5 3. Nd2 c5 4. Ngf3 cxd4 5. exd5 Qxd5 6. Bc4 Qd6 7. 0-0 Nf6 8. Nb3 Nc6 9. Nbxd4 Nxd4 10. Nxd4 Be7 11. Re1 0-0 12. Be3 Qc7 13. Qe2 b6 14. Bb3 Bb7 15. c4 Rad8 16. Nb5 Qb8 17. Bc2 Qa8 18. Nc7 Qc8 19. Nb5 Qa8 20. Nc7 Qc8 21. Nb5 Qa8 1/2-1/2

[Event "PRO League Stage"]
[Site "Chess.com INT"]
[Date "2019.03.13"]
[Round "10"]
[White "Pavasovic, Dusko"]
[Black "Fressinet, Laurent"]
[Result "0-1"]
[WhiteElo "2546"]
[BlackElo "2655"]
[PlyCount "80"]
[EventDate "2019.01.08"]
[EventType "team-swiss (rapid)"]
[EventRounds "10"]
[EventCountry "USA"]
[SourceTitle "CBM 189 Extra"]
[Source "ChessBase"]
[SourceDate "2019.06.03"]
[SourceVersion "1"]
[SourceVersionDate "2019.06.03"]
[SourceQuality "1"]
[WhiteTeam "Ljubljana Turtles"]
[BlackTeam "Marseille Migraines"]
[WhiteTeamCountry "SLO"]
[BlackTeamCountry "FRA"]

1. e4 e5 2. Nf3 Nc6 3. Bb5 Nf6 4. Qe2 Bc5 5. 0-0 0-0 6. d3 Nd4 7. Nxd4 Bxd4 8. c3 Bb6 9. Be3 d5 10. Bxb6 axb6 11. exd5 Qxd5 12. Bc4 Qd6 13. Nd2 Bg4 14. f3 Bd7 15. Ne4 Nxe4 16. fxe4 b5 17. Bb3 Be6 18. Bxe6 Qxe6 19. a3 Rad8 20. Rf3 c5 21. Raf1 c4 22. Rd1 Rfe8 23. Re3 Qb6 24. Qf2 Rd7 25. Rf3 Qc6 26. Rf1 f6 27. dxc4 bxc4 28. Qg3 Kh8 29. Qg4 Qe6 30. Qxe6 Rxe6 31. R3f2 Red6 32. Re1 Kg8 33. g4 h6 34. Kg2 Kf7 35. Ree2 Kg6 36. h3 Rd3 37. Rf5 Rd2 38. Ref2 R7d6 39. h4 Rxf2+ 40. Rxf2 h5 0-1

[Event "SLO-chT 28th"]
[Site "Slovenia"]
[Date "2018.12.14"]
[Round "7.2"]
[White "Muha, Miljenko"]
[Black "Pavasovic, Dusko"]
[Result "0-1"]
[WhiteElo "2365"]
[BlackElo "2540"]
[PlyCount "104"]
[EventDate "2018.11.02"]
[EventType "team-tourn"]
[EventRounds "9"]
[EventCountry "SLO"]
[SourceTitle "CBM 187 Extra"]
[Source "ChessBase"]
[SourceDate "2018.11.04"]
[SourceVersion "1"]
[SourceVersionDate "2018.11.04"]
[SourceQuality "1"]
[WhiteTeam "Krsko Triglav"]
[BlackTeam "Ljubljana"]
[WhiteTeamCountry "SLO"]
[BlackTeamCountry "SLO"]

1. d4 g6 2. e4 Bg7 3. Nc3 c6 4. Nf3 d5 5. h3 Nh6 6. e5 f6 7. exf6 exf6 8. Bd3 0-0 9. 0-0 Re8 10. Bf4 Nd7 11. Qd2 Nf7 12. Rfe1 Nf8 13. Rxe8 Qxe8 14. Re1 Be6 15. Na4 b6 16. b3 Qd7 17. Nb2 Re8 18. a4 Nd6 19. a5 Bf7 20. Rxe8 Bxe8 21. axb6 axb6 22. Na4 Ne4 23. Qe3 b5 24. Nb2 g5 25. Bh2 Bg6 26. Ne1 f5 27. Be5 Ne6 28. Bxg7 Qxg7 29. c3 f4 30. Qc1 b4 31. Bxe4 dxe4 32. cxb4 Nxd4 33. Qd1 Qe5 34. Nc4 Qd5 35. Kh1 Bf7 36. Nb6 Qd8 37. Nc2 Qxb6 38. Nxd4 Qd8 39. Qa1 Qf6 40. Qa8+ Kg7 41. Qa1 Qe5 42. Ne6+ Kf6 43. Qxe5+ Kxe5 44. Nxg5 Bg6 45. h4 h6 46. Nh3 e3 47. fxe3 fxe3 48. Kg1 Bf5 49. h5 Bxh3 50. gxh3 Ke4 51. Kf1 Kd3 52. Ke1 e2 0-1

[Event "PRO League Stage"]
[Site "Chess.com INT"]
[Date "2018.02.14"]
[Round "6"]
[White "Pavasovic, Dusko"]
[Black "Klein, David"]
[Result "1/2-1/2"]
[WhiteElo "2540"]
[BlackElo "2501"]
[PlyCount "178"]
[EventDate "2018.01.18"]
[EventType "team-swiss (rapid)"]
[EventRounds "9"]
[EventCountry "USA"]
[SourceTitle "CBM 182 Extra"]
[Source "ChessBase"]
[SourceDate "2018.02.23"]
[SourceVersion "1"]
[SourceVersionDate "2018.02.23"]
[SourceQuality "1"]
[WhiteTeam "Ljubljana Turtles"]
[BlackTeam "Amsterdam Mosquitos"]
[WhiteTeamCountry "SLO"]
[BlackTeamCountry "NED"]

1. e4 c5 2. Nf3 e6 3. c3 Nf6 4. e5 Nd5 5. Bc4 d6 6. d4 cxd4 7. cxd4 Nb6 8. Bb3 Nc6 9. Qe2 dxe5 10. dxe5 Nb4 11. 0-0 Qd3 12. Qd1 Bd7 13. Nc3 Bc6 14. Nd4 Qxd1 15. Rxd1 Bc5 16. Nxc6 bxc6 17. Ne4 Be7 18. Be3 N4d5 19. Bc5 Bxc5 20. Nxc5 Ke7 21. Rac1 Rhc8 22. Rd2 a5 23. a3 Rab8 24. Bd1 Nd7 25. Nxd7 Kxd7 26. Ba4 Rb6 27. g3 Kc7 28. Rc5 Ra6 29. h4 Kb7 30. h5 Rc7 31. Rdc2 g6 32. Rd2 Kb6 33. Rdc2 Kb7 34. Kg2 Ne7 35. R2c4 Kb6 36. Bd1 Ra8 37. Bf3 Rd8 38. Rc2 Rd3 39. R5c4 Rdd7 40. b4 Rd3 41. bxa5+ Kxa5 42. Bxc6 gxh5 43. Be8 Rxc4 44. Rxc4 Rxa3 45. Bxf7 Ra4 46. Bxe6 Rxc4 47. Bxc4 h4 48. gxh4 Ng6 49. e6 Nxh4+ 50. Kg3 Ng6 51. f4 Ne7 52. Bd3 Kb6 53. f5 Nd5 54. Be4 Nf6 55. Kf4 Kc7 56. Ke5 Ng4+ 57. Kd5 Nf6+ 58. Ke5 Ng4+ 59. Kf4 Nf6 60. Bf3 Kd6 61. Kg5 Ke7 62. Kh6 Ne8 63. Kxh7 Kf6 64. Bg4 Ke7 65. Kg6 Nf6 66. Kg5 Nd5 67. Bf3 Nf6 68. Bg2 Ne8 69. Kf4 Nf6 70. Ke5 Ne8 71. Bf3 Nf6 72. Be4 Ng4+ 73. Kd5 Nf6+ 74. Ke5 Ng4+ 75. Kf4 Nf6 76. Bf3 Ne8 77. Ke5 Nf6 78. Kd4 Ne8 79. Kc5 Nf6 80. Kc6 Ne8 81. Kd5 Nf6+ 82. Ke5 Ne8 83. Bc6 Nf6 84. Bb5 Ng4+ 85. Kf4 Nf6 86. Bc6 Nh5+ 87. Kg4 Nf6+ 88. Kg5 Ng8 89. Bf3 Nf6 1/2-1/2

[Event "PRO League Stage"]
[Site "Chess.com INT"]
[Date "2018.02.14"]
[Round "6"]
[White "Pavasovic, Dusko"]
[Black "Lopez, Jasel"]
[Result "1-0"]
[WhiteElo "2540"]
[BlackElo "2316"]
[PlyCount "111"]
[EventDate "2018.01.18"]
[EventType "team-swiss (rapid)"]
[EventRounds "9"]
[EventCountry "USA"]
[SourceTitle "CBM 182 Extra"]
[Source "ChessBase"]
[SourceDate "2018.02.23"]
[SourceVersion "1"]
[SourceVersionDate "2018.02.23"]
[SourceQuality "1"]
[WhiteTeam "Ljubljana Turtles"]
[BlackTeam "Amsterdam Mosquitos"]
[WhiteTeamCountry "SLO"]
[BlackTeamCountry "NED"]

1. e4 e6 2. d4 d5 3. Nd2 Nc6 4. Ngf3 Nf6 5. e5 Nd7 6. Bd3 Nb4 7. Be2 c5 8. c3 Nc6 9. Bd3 h6 10. 0-0 g5 11. dxc5 Bxc5 12. Nb3 Bb6 13. Re1 Bc7 14. Bb5 g4 15. Nfd4 Ndxe5 16. Rxe5 Bxe5 17. Nxc6 bxc6 18. Bxc6+ Bd7 19. Bxa8 Qxa8 20. Qxg4 Qb8 21. h3 Bb5 22. Be3 Bd3 23. Qa4+ Kf8 24. Bxa7 Qc7 25. Nc5 Bh2+ 26. Kh1 Bf5 27. Bb6 Qf4 28. Qxf4 Bxf4 29. a4 Bd6 30. a5 Ke7 31. a6 Bxc5 32. Bxc5+ Kd7 33. a7 Ra8 34. Bd4 Kc6 35. f3 h5 36. g4 hxg4 37. hxg4 Bd3 38. Kg2 Kb7 39. b4 Rc8 40. Kg3 Ra8 41. Kf4 Rg8 42. Ra2 Bb1 43. Rh2 Bd3 44. Ke5 Bb1 45. Kf6 Bg6 46. Ra2 Ra8 47. Ra5 Rc8 48. f4 Ka8 49. f5 Bh7 50. fxe6 fxe6 51. Kxe6 Be4 52. g5 Rg8 53. Rc5 Kb7 54. Rb5+ Ka6 55. Rb8 Bf5+ 56. Ke5 1-0

[Event "PRO League Stage"]
[Site "Chess.com INT"]
[Date "2018.01.18"]
[Round "1"]
[White "Ghasi, Ameet K"]
[Black "Pavasovic, Dusko"]
[Result "0-1"]
[WhiteElo "2475"]
[BlackElo "2540"]
[PlyCount "102"]
[EventDate "2018.01.18"]
[EventType "team-swiss (rapid)"]
[EventRounds "9"]
[EventCountry "USA"]
[SourceTitle "CBM 182 Extra"]
[Source "ChessBase"]
[SourceDate "2018.02.23"]
[SourceVersion "1"]
[SourceVersionDate "2018.02.23"]
[SourceQuality "1"]
[WhiteTeam "London Towers"]
[BlackTeam "Ljubljana Turtles"]
[WhiteTeamCountry "ENG"]
[BlackTeamCountry "SLO"]

1. Nf3 d5 2. g3 Bg4 3. Bg2 Nd7 4. 0-0 c6 5. b3 e5 6. h3 Be6 7. Bb2 Bd6 8. d3 f6 9. c4 Ne7 10. Nbd2 0-0 11. a3 a5 12. e3 Nc5 13. Qe2 dxc4 14. bxc4 Qd7 15. Kh2 Bf5 16. Ne1 Rad8 17. a4 Bb8 18. d4 Ne6 19. Nb3 exd4 20. exd4 Rfe8 21. Nf3 Ng6 22. Qd1 Nef4 23. Nc5 Qc7 24. Qb3 Nxg2 25. Kxg2 b6 26. Nd3 Qd7 27. Ng1 Be4+ 28. Kh2 Qf5 29. Rad1 Nh4 30. f4 Ng2 31. Nf2 Bc2 32. Qxb6 Ne3 33. Rc1 Nxf1+ 34. Rxf1 Bxa4 35. Bc3 Qc2 36. Bxa5 Qxc4 37. Re1 Rc8 38. Ra1 Bb5 39. Rd1 Qa4 40. Bc3 Qc2 41. Bd2 Be2 42. Qb1 Bxd1 43. Qxd1 Qxd1 44. Nxd1 Rcd8 45. Be3 c5 46. Nf3 Ba7 47. Kg2 cxd4 48. Bd2 Re2+ 49. Kf1 d3 50. h4 Rc8 51. Ne1 Rxd2 0-1

[Event "SLO-chT 27th"]
[Site "Slovenia"]
[Date "2017.12.10"]
[Round "9.4"]
[White "Praznik, Anton"]
[Black "Pavasovic, Dusko"]
[Result "0-1"]
[WhiteElo "2140"]
[BlackElo "2548"]
[PlyCount "80"]
[EventDate "2017.09.29"]
[EventType "team-tourn"]
[EventRounds "9"]
[EventCountry "SLO"]
[SourceTitle "EXT 2019"]
[Source "ChessBase"]
[SourceDate "2018.10.10"]
[SourceVersion "1"]
[SourceVersionDate "2018.10.10"]
[SourceQuality "1"]
[WhiteTeam "Vrhnika"]
[BlackTeam "Ljubljana Duol"]
[WhiteTeamCountry "SLO"]
[BlackTeamCountry "SLO"]

1. e4 e5 2. Nf3 Nc6 3. c3 Nf6 4. d4 Nxe4 5. d5 Bc5 6. dxc6 Bxf2+ 7. Ke2 Bb6 8. Qd5 Nf2 9. Qxe5+ Kf8 10. Rg1 Ng4 11. Qe4 dxc6 12. Nd4 Qh4 13. Be3 Bd7 14. h3 Re8 15. Qxe8+ Kxe8 16. hxg4 Kd8 17. Kd2 Re8 18. Bd3 Qg3 19. Re1 c5 20. Nc2 c4 21. Bf5 Bxf5 22. gxf5 Qxg2+ 23. Re2 Qd5+ 24. Kc1 Qh1+ 25. Kd2 Qd5+ 26. Kc1 Kc8 27. Rd2 Qh1+ 28. Rd1 Bxe3+ 29. Nxe3 Qh6 30. Na3 Rxe3 31. Kb1 Qh5 32. Kc1 Qg5 33. Kb1 Qxf5+ 34. Nc2 Re2 35. Rc1 h5 36. b3 h4 37. bxc4 h3 38. Kb2 h2 39. Kb3 h1Q 40. Nd4 Qhe4 0-1

[Event "SLO-chT 27th"]
[Site "Slovenia"]
[Date "2017.09.29"]
[Round "1.2"]
[White "Ocepek, Martin"]
[Black "Pavasovic, Dusko"]
[Result "1/2-1/2"]
[WhiteElo "2113"]
[BlackElo "2548"]
[PlyCount "41"]
[EventDate "2017.09.29"]
[EventType "team-tourn"]
[EventRounds "9"]
[EventCountry "SLO"]
[SourceTitle "EXT 2018"]
[Source "ChessBase"]
[SourceDate "2017.10.13"]
[SourceVersion "1"]
[SourceVersionDate "2017.10.13"]
[SourceQuality "1"]
[WhiteTeam "Zagorje ob Savi"]
[BlackTeam "Ljubljana Duol"]
[WhiteTeamCountry "SLO"]
[BlackTeamCountry "SLO"]

1. Nf3 c5 2. c4 g6 3. d4 Bg7 4. Nc3 d6 5. e3 Nd7 6. g3 Ngf6 7. Bg2 a6 8. 0-0 0-0 9. b3 Rb8 10. a4 Ne8 11. Qc2 Nc7 12. a5 e6 13. Rd1 Qe7 14. Ba3 Rd8 15. Rd2 f5 16. Rad1 Re8 17. Na4 Bf6 18. Bb2 Bg7 19. Ba3 Bf6 20. Bb2 Bg7 21. Ba3 1/2-1/2

[Event "Titled Tuesday intern Qual2 11th April"]
[Site "Chess.com INT"]
[Date "2017.04.11"]
[Round "8"]
[White "Bordi, Kevin Claude"]
[Black "Pavasovic, Dusko"]
[Result "1-0"]
[WhiteElo "2282"]
[BlackElo "2548"]
[PlyCount "107"]
[EventDate "2017.04.11"]
[EventType "swiss (blitz)"]
[EventRounds "10"]
[EventCountry "USA"]
[SourceTitle "EXT 2021"]
[Source "ChessBase"]
[SourceDate "2020.10.23"]
[SourceVersion "1"]
[SourceVersionDate "2020.10.23"]
[SourceQuality "1"]

1. d4 f5 2. g4 fxg4 3. h3 d5 4. c4 Nc6 5. Nc3 Nf6 6. Bg5 gxh3 7. Bxh3 dxc4 8. d5 Ne5 9. Qd4 Nf7 10. Nf3 Bxh3 11. Rxh3 Qd7 12. Rh1 0-0-0 13. Qxa7 Qf5 14. Bxf6 exf6 15. Nd4 Qe5 16. Nc6 Qf4 17. Qb8+ Kd7 18. Qxb7 Nd6 19. Qa6 Re8 20. Qa4 Kc8 21. Qa8+ Kd7 22. Qa4 Kc8 23. e3 Qf3 24. Rf1 h5 25. Nd4 Rxe3+ 26. fxe3 Qxe3+ 27. Nde2 h4 28. Qa8+ Kd7 29. Qa4+ Kd8 30. Qc2 h3 31. Qd2 Qe5 32. 0-0-0 g6 33. Kb1 Bh6 34. Qc2 h2 35. Qxg6 Be3 36. Qg7 Rh4 37. Qg8+ Kd7 38. Qe6+ Qxe6 39. dxe6+ Kxe6 40. Nd5 Bg1 41. Rxg1 hxg1Q 42. Ndf4+ Rxf4 43. Nxf4+ Kf5 44. Rxg1 Kxf4 45. a4 Ke3 46. a5 f5 47. a6 Nb5 48. Rg5 Kf4 49. Rg8 Ke3 50. Rb8 Na7 51. Rb7 Nc6 52. Rxc7 f4 53. Rxc6 f3 54. Rf6 1-0

[Event "Titled Tuesday intern Qual2 11th April"]
[Site "Chess.com INT"]
[Date "2017.04.11"]
[Round "2"]
[White "Pavasovic, Dusko"]
[Black "Macovei, Andrei"]
[Result "1-0"]
[WhiteElo "2548"]
[BlackElo "2329"]
[PlyCount "71"]
[EventDate "2017.04.11"]
[EventType "swiss (blitz)"]
[EventRounds "10"]
[EventCountry "USA"]
[SourceTitle "EXT 2021"]
[Source "ChessBase"]
[SourceDate "2020.10.23"]
[SourceVersion "1"]
[SourceVersionDate "2020.10.23"]
[SourceQuality "1"]

1. e4 e5 2. Nf3 Nc6 3. Bb5 a6 4. Ba4 Nf6 5. Qe2 b5 6. Bb3 Be7 7. 0-0 0-0 8. c3 d6 9. h3 Bb7 10. d4 Re8 11. dxe5 dxe5 12. Rd1 Bd6 13. Rf1 h6 14. Re1 Qe7 15. Nbd2 Nh5 16. Nf1 Nf4 17. Bxf4 exf4 18. Bd5 Na5 19. Bxb7 Nxb7 20. e5 f6 21. Qe4 Nc5 22. Qd5+ Qf7 23. Qxf7+ Kxf7 24. exd6 cxd6 25. Rad1 Rad8 26. Rxe8 Kxe8 27. Nd4 g5 28. Nf5 d5 29. Nxh6 Na4 30. Rd2 Nc5 31. Nf5 Ne4 32. Rd1 Kf7 33. Nd2 Nc5 34. Nb3 Ne4 35. f3 Ke6 36. fxe4 1-0

[Event "Titled Tuesday intern op 7th March"]
[Site "Chess.com INT"]
[Date "2017.03.07"]
[Round "7"]
[White "Lauridsen, Jesper Morch"]
[Black "Pavasovic, Dusko"]
[Result "0-1"]
[WhiteElo "2289"]
[BlackElo "2548"]
[PlyCount "60"]
[EventDate "2017.03.07"]
[EventType "swiss (blitz)"]
[EventRounds "11"]
[EventCountry "USA"]
[SourceTitle "EXT 2021"]
[Source "ChessBase"]
[SourceDate "2020.10.23"]
[SourceVersion "1"]
[SourceVersionDate "2020.10.23"]
[SourceQuality "1"]

1. e4 e5 2. Nf3 Nc6 3. Nc3 Nf6 4. d4 exd4 5. Nd5 d6 6. Nxf6+ Qxf6 7. Bg5 Qg6 8. Bd3 Ne5 9. h4 h6 10. Nxe5 dxe5 11. Bd2 Qxg2 12. Rf1 Bg4 13. f3 Be7 14. Qe2 Bxh4+ 15. Kd1 Qxe2+ 16. Kxe2 Be6 17. c3 dxc3 18. Bxc3 f6 19. Bb4 0-0-0 20. Rac1 Rd7 21. Rc3 Rhd8 22. Rfc1 Bg5 23. R1c2 h5 24. Ra3 Kb8 25. Bb5 c6 26. Bc5 Rd2+ 27. Rxd2 Rxd2+ 28. Ke1 cxb5 29. Bxa7+ Kc7 30. Rc3+ Bc4 0-1

[Event "Titled Tuesday intern op 7th March"]
[Site "Chess.com INT"]
[Date "2017.03.07"]
[Round "11"]
[White "Pavasovic, Dusko"]
[Black "Popov, Mikhail"]
[Result "1-0"]
[WhiteElo "2548"]
[BlackElo "2373"]
[PlyCount "113"]
[EventDate "2017.03.07"]
[EventType "swiss (blitz)"]
[EventRounds "11"]
[EventCountry "USA"]
[SourceTitle "EXT 2021"]
[Source "ChessBase"]
[SourceDate "2020.10.23"]
[SourceVersion "1"]
[SourceVersionDate "2020.10.23"]
[SourceQuality "1"]

1. e4 e6 2. d4 d5 3. Nd2 Nc6 4. Ngf3 Nf6 5. e5 Nd7 6. Bd3 f6 7. exf6 Nxf6 8. 0-0 Bd6 9. Re1 0-0 10. Nf1 Bd7 11. c3 Qe8 12. Ne5 Bxe5 13. dxe5 Nh5 14. Ng3 Nxg3 15. hxg3 Qf7 16. Qc2 g6 17. Bh6 Rfe8 18. Re3 Ne7 19. g4 Kh8 20. Rf3 Qg8 21. Bg5 Kg7 22. Bf6+ Kf7 23. Qd2 Rf8 24. Qg5 Nc6 25. Bd8+ Ke8 26. Bxc7 Rxf3 27. gxf3 Qf7 28. f4 Ne7 29. Bd6 Bc6 30. Re1 Kd7 31. Kh2 Rf8 32. Kg3 Rg8 33. Bxe7 Qxe7 34. Qxe7+ Kxe7 35. Rh1 Rg7 36. Rh6 Kf8 37. Kh4 Kg8 38. Kg5 Rf7 39. f5 gxf5 40. gxf5 exf5 41. Bxf5 Rg7+ 42. Kf6 Rf7+ 43. Kg5 Rg7+ 44. Kf4 Rg2 45. Ke3 Rg5 46. Rf6 h5 47. e6 Rg7 48. Kf4 h4 49. Ke5 Rg5 50. Rh6 d4 51. cxd4 Kf8 52. Rxh4 Bg2 53. Rh8+ Kg7 54. Rh7+ Kg8 55. Rf7 Bh3 56. d5 Bg2 57. d6 1-0

[Event "PRO League Stage"]
[Site "Chess.com INT"]
[Date "2017.02.15"]
[Round "6"]
[White "Pavasovic, Dusko"]
[Black "Tadic, Branko"]
[Result "1/2-1/2"]
[WhiteElo "2548"]
[BlackElo "2472"]
[PlyCount "76"]
[EventDate "2017.01.11"]
[EventType "team-swiss (rapid)"]
[EventRounds "7"]
[EventCountry "USA"]
[SourceTitle "CBM 176 Extra"]
[Source "ChessBase"]
[SourceDate "2017.03.02"]
[SourceVersion "1"]
[SourceVersionDate "2017.03.02"]
[SourceQuality "1"]
[WhiteTeam "Ljubljana Direwolves"]
[BlackTeam "Belgrade Sparrows"]
[WhiteTeamCountry "SLO"]
[BlackTeamCountry "SRB"]

1. e4 d6 2. d4 Nf6 3. Nc3 e5 4. Nf3 Nbd7 5. Bc4 Be7 6. 0-0 0-0 7. a4 c6 8. Re1 exd4 9. Nxd4 Ne5 10. Bf1 Re8 11. h3 Bd7 12. f4 Ng6 13. Be3 d5 14. e5 c5 15. exf6 Bxf6 16. Nxd5 Bxd4 17. Bxd4 Rxe1 18. Qxe1 cxd4 19. Rd1 Be6 20. Rxd4 Nxf4 21. c4 Nxd5 22. cxd5 Qb6 23. Qd2 Rd8 24. a5 Qd6 25. Bc4 Bf5 26. b3 b6 27. axb6 axb6 28. Qf2 Bg6 29. Rd2 h6 30. Re2 Kh7 31. Qe3 b5 32. Bxb5 Qxd5 33. Bc4 Qd1+ 34. Re1 Qd6 35. Qe5 Qb6+ 36. Qe3 Qd6 37. Qe5 Qb6+ 38. Qe3 Qd6 1/2-1/2